| 000 | 00786nam a2200289 i 4500 | ||
|---|---|---|---|
| 003 | DO-SdBNP | ||
| 005 | 20240703141008.0 | ||
| 007 | ta | ||
| 008 | 240703b2019 mx d|||| |||| 00| 0 spa d | ||
| 020 | _a9789591023728 | ||
| 040 |
_aDO-SdBNP _bspa _cBNPHU _erda |
||
| 082 | 4 |
_222 _bP949c |
|
| 100 |
_aPrieto, Yenys Laura _eautor _985862 |
||
| 245 | 1 | 0 |
_aLa ciencia de la conservación / _cYenys Laura Prieto |
| 264 |
_aLa Habana, Cuba : _bLetras Cubanas, _c2019. |
||
| 300 |
_a78 paginas ; _c19 cm. |
||
| 336 |
_2rdacontent _atexto _btxt |
||
| 337 |
_2rdamedia _asin mediación _bn |
||
| 338 |
_2rdacarrier _avolumen _bnc |
||
| 490 | _aPinos nuevos | ||
| 590 | _aInventariado, 2024/DG | ||
| 700 | _985863 | ||
| 700 | _985864 | ||
| 700 | _985865 | ||
| 910 | _aDG | ||
| 942 |
_2ddc _cLBS1 |
||
| 999 |
_c57137 _d57137 |
||